000 00552nam a2200217Ia 4500
005 20250425161107.0
008 250425s9999 xx 000 0 und d
041 _aspa
082 _a639.543
100 _aARELLANO MONCAYO, EDGAR
245 0 _aESTUDIO PRELIMINAR SOBRE CRECIMIENTO DE CAMARONES EN EL ECUADOR
250 _a1A ED.
260 _aEcuador
_bESPOL
_c1981
260 _aGUAYAQUIL
300 _a61
500 _afolleto de colección ESPOL
650 _aCAMARONES
650 _aPENAEUS VANNAMEI
942 _c01
010 _a12472
999 _c202292
_d202292